Countries with Nuclear Weapons - Statistics

General Stats
  • This quiz has been taken 16 times
  • The average score is 9 of 10
Answer Stats
Status Countries % Correct
Acknowledged China
100%
Acknowledged India
100%
Acknowledged Russia
100%
Acknowledged France
93%
Acknowledged United Kingdom
93%
Acknowledged United States
93%
Acknowledged North Korea
79%
Unacknowledged Israel
71%
Acknowledged Pakistan
71%
Former South Africa
71%
No matching quizzes found
Score Distribution
Percent of People with Each Score
Percentile by Number Answered
Your Score History
You have not taken this quiz